000 00548nam a2200181Ia 4500
003 PILC
005 20160316153655.0
008 140609s9999 xx 000 0 und d
020 _a9780415484213
050 _aF 499
_b.T741 2011
245 4 _aThe history of reading /
_cEdited by Shaquat Towheed, Rosalind Crone and Katie Halsey.
250 _a1st edition.
260 _aNew York :
_bIndividual Contributors,
_c2011.
300 _a453 pages :
_billustrations ;
_c25 cm.
500 _aIncludes index.
942 _kFOR
_cBK
_2lcc
999 _c118146
_d118146